Mi a jó a cigányoknak? gádzsók és cigányok /
Elmentve itt :
| Szerző: | |
|---|---|
| Dokumentumtípus: | Cikk |
| Megjelent: |
1997-04-09
|
| Sorozat: | Délmagyarország
87 No. 82 |
| Kulcsszavak: | Szeged, Szociálpolitika cigányság Szeged, Társadalmi probléma cigányság szociális helyzet Szeged |
| Online Access: | http://dmarchiv.bibl.u-szeged.hu/82646 |
| LEADER | 00568nab a2200157 i 4500 | ||
|---|---|---|---|
| 001 | delm82646 | ||
| 005 | 20191018111254.0 | ||
| 008 | 191018s1997 hu o 0|| hun d | ||
| 040 | |a SZTE Délmagyarország Archívum |b hun | ||
| 041 | |a hun | ||
| 100 | 1 | |a Újszászi Ilona | |
| 245 | 1 | 0 | |a Mi a jó a cigányoknak? |h [elektronikus dokumentum] : |b gádzsók és cigányok / |c Újszászi Ilona |
| 260 | |c 1997-04-09 | ||
| 300 | |a 1, 5 | ||
| 490 | 0 | |a Délmagyarország |v 87 No. 82 | |
| 695 | |a Szeged, Szociálpolitika cigányság Szeged, Társadalmi probléma cigányság szociális helyzet Szeged | ||